000 00513nam a2200205 a 4500
999 _c8206
_d8206
003 BD-JhCC
005 20180219123551.0
008 180219s1958 i a|||| || | 000 0 eng d
035 _a(BD-JhCC)
040 _aBD-JhCC
_dBD-JhCC
041 _aeng
082 _a796.3580924
_bCOM 1958
100 _aCompton, Denis
245 _aEnd of an Innings /
_cDenis Compton,
260 _aCacutta :
_bRupa & Co.
_c1958.
300 _a180 p. ;
_bill. ;
_c21 cm.
650 _aCricket
942 _2ddc
_cBK